Guess the Bruno Mars Song #3 - Statistics

General Stats
  • This quiz has been taken 82 times
  • The average score is 182 of 328
Answer Stats
% Correct
I
93%
a
89%
you
87%
You
87%
the
82%
me
77%
your
75%
Oh
74%
oh
74%
to
74%
love
69%
my
67%
yeah
67%
Yeah
67%
like
64%
For
61%
for
61%
in
61%
it
61%
of
61%
out
61%
feel
57%
make
57%
too
57%
And
56%
heaven
56%
locked
56%
on
56%
I've
52%
long
52%
been
51%
heart
51%
is
49%
can
48%
Can
48%
'Cause
48%
'cause
48%
just
48%
sex
46%
I'm
43%
paradise
43%
where
43%
But
41%
Never
41%
ooh
41%
see
41%
or
39%
takes
39%
time
38%
had
34%
here?
34%
spend
33%
Spend
33%
stay
33%
days
31%
One
31%
one
31%
rest
31%
there
31%
faith
30%
much
30%
night
30%
up
30%
miracles
28%
wanna
28%
can't
26%
every
26%
light
26%
something
26%
testify
26%
bring
25%
line
25%
put
25%
shows
25%
swimmin'
25%
change
23%
three
23%
two
23%
his
21%
knees
21%
right
21%
spiritual
21%
Open
18%
wait
18%
ways
18%
again
16%
water's
16%
whoa
16%
gates
13%
sinner
13%
born
11%
No matching quizzes found
Score Distribution
Percent of People with Each Score
Percentile by Number Answered
Your Score History
You have not taken this quiz